00310nam a2200121Ia 4500008004100000041000800041082001500049100001500064245002600079260004300105300003300148365000700181240624s9999 xx 000 0 und d aeng a006.76 HAR aHART CHRIS aBEGINNING ASP NET 2 0 c2006aNew DelhibWiley Dreamtech India axxiii, : 759 : p. : cm. ; 24 cRS